Statistics for Municipalities of Friuli Venezia Giulia (with a map)

Click here to take the quiz!

General Stats

  • This quiz has been taken 125 times
  • The average score is 55 of 215

Answers on the Map

Answers color-coded by a green-red scale on the quiz's map according to % correct below.
 

Answer Stats

Comune% Correct
Trieste
100%
Pordenone
94%
Udine
94%
Gorizia
92%
Monfalcone
85%
Grado
74%
Lignano Sabbiadoro
74%
Muggia
70%
Aquileia
67%
Palmanova
67%
Tarvisio
65%
Tolmezzo
64%
Cividale del Friuli
55%
Codroipo
53%
San Daniele del Friuli
53%
Latisana
52%
Ronchi dei Legionari
48%
San Vito al Tagliamento
48%
Aviano
47%
Gradisca d'Isonzo
47%
Spilimbergo
47%
Gemona del Friuli
45%
Sacile
45%
Sappada
45%
Cordenons
42%
Maniago
42%
Azzano Decimo
39%
Cormons
39%
San Giorgio di Nogaro
39%
Villesse
39%
Casarsa della Delizia
38%
Martignacco
38%
Barcis
36%
Fiume Veneto
36%
Marano Lagunare
36%
Pontebba
36%
Tavagnacco
36%
Cervignano del Friuli
35%
Duino-Aurisina
33%
Gonars
33%
Arta Terme
32%
San Dorligo della Valle
32%
Vajont
32%
Campoformido
30%
Forni di Sopra
30%
Forni di Sotto
30%
Castions di Strada
29%
Claut
29%
Fagagna
29%
Fontanafredda
29%
Forni Avoltri
29%
Pasian di Prato
29%
Porcia
29%
Sauris
29%
Sesto al Reghena
29%
Tarcento
29%
Brugnera
27%
Buttrio
27%
Caneva
27%
Fogliano Redipuglia
27%
Majano
27%
Manzano
27%
Nimis
27%
Tramonti di Sotto
27%
Aiello del Friuli
26%
Buja
26%
Ovaro
26%
Palazzolo dello Stella
26%
Pavia di Udine
26%
Polcenigo
26%
Pozzuolo del Friuli
26%
Prata di Pordenone
26%
Remanzacco
26%
Romans d'Isonzo
26%
Sequals
26%
Sgonico
26%
Talmassons
26%
Torviscosa
26%
Tramonti di Sopra
26%
Zoppola
26%
Budoia
24%
Capriva del Friuli
24%
Mossa
24%
Paularo
24%
Resiutta
24%
Tricesimo
24%
Venzone
24%
Ampezzo
23%
Camino al Tagliamento
23%
Cimolais
23%
Cordovado
23%
Erto e Casso
23%
Mariano del Friuli
23%
Medea
23%
Meduno
23%
Monrupino
23%
Morsano al Tagliamento
23%
Pasiano di Pordenone
23%
Povoletto
23%
San Canzian d'Isonzo
23%
San Giorgio della Richinvelda
23%
San Pietro al Natisone
23%
Varmo
23%
Arba
21%
Basiliano
21%
Carlino
21%
Doberdò del Lago
21%
Fanna
21%
Lestizza
21%
Osoppo
21%
Pradamano
21%
Premariacco
21%
San Pier d'Isonzo
21%
Amaro
20%
Chions
20%
Corno di Rosazzo
20%
Flaibano
20%
Malborghetto-Valbruna
20%
Moimacco
20%
Mortegliano
20%
Ravascletto
20%
Resia
20%
Rivignano Teor
20%
Sagrado
20%
San Giovanni al Natisone
20%
San Martino al Tagliamento
20%
Villa Santina
20%
Attimis
18%
Dignano
18%
Dolegna del Collio
18%
Faedis
18%
Fiumicello Villa Vicentina
18%
Montereale Valcellina
18%
Muzzana del Turgnano
18%
Paluzza
18%
Porpetto
18%
Precenicco
18%
Ronchis
18%
Ruda
18%
San Floriano del Collio
18%
Santa Maria la Longa
18%
Savogna
18%
Sedegliano
18%
Travesio
18%
Turriaco
18%
Bordano
17%
Chiusaforte
17%
Comeglians
17%
Dogna
17%
Enemonzo
17%
Moraro
17%
Pravisdomini
17%
Prepotto
17%
Roveredo in Piano
17%
San Leonardo
17%
San Vito al Torre
17%
Staranzano
17%
Valvasone Arzene
17%
Andreis
15%
Artegna
15%
Bagnaria Arsa
15%
Bicinicco
15%
Cassacco
15%
Cavazzo Carnico
15%
Lusevera
15%
Mereto di Tomba
15%
Moggio Udinese
15%
Pocenia
15%
Prato Carnico
15%
Preone
15%
Reana del Rojale
15%
San Quirino
15%
Sutrio
15%
Taipana
15%
Terzo di Aquileia
15%
Bertiolo
14%
Campolongo Tapogliano
14%
Cercivento
14%
Coseano
14%
Drenchia
14%
Farra d'Isonzo
14%
Frisanco
14%
Pinzano al Tagliamento
14%
San Lorenzo Isontino
14%
Savogna d'Isonzo
14%
Torreano
14%
Vito d'Asio
14%
Vivaro
14%
Cavasso Nuovo
12%
Chiopris-Viscone
12%
Clauzetto
12%
Colloredo di Monte Albano
12%
Magnano in Riviera
12%
Pagnacco
12%
Pulfero
12%
Ragogna
12%
Raveo
12%
Rigolato
12%
Rive d'Arcano
12%
Socchieve
12%
Stregna
12%
Trivignano Udinese
12%
Visco
12%
Zuglio
12%
Castelnovo del Friuli
11%
Forgaria nel Friuli
11%
Grimacco
11%
Lauco
11%
Montenars
11%
Moruzzo
11%
San Vito di Fagagna
11%
Trasaghis
11%
Treppo Grande
9%
Treppo Ligosullo
8%
Verzegnis
6%

Score Distribution

Percentile by Number Answered

Percent of People with Each Score

Your Score History

You have not taken this quiz